A God within (Record no. 2968)
[ view plain ]
| 000 -LEADER | |
|---|---|
| fixed length control field | 00579cam a2200205 4500 |
| 001 - CONTROL NUMBER | |
| control field | 1290471 |
| 005 - DATE AND TIME OF LATEST TRANSACTION | |
| control field | 20250124102015.0 |
| 008 - FIXED-LENGTH DATA ELEMENTS--GENERAL INFORMATION | |
| fixed length control field | 720918s1972 nyu b 001 0 eng |
| 020 ## - INTERNATIONAL STANDARD BOOK NUMBER | |
| International Standard Book Number | 0684127687 |
| 050 00 - LIBRARY OF CONGRESS CALL NUMBER | |
| Classification number | HM206 |
| Item number | .D86 |
| 082 00 - DEWEY DECIMAL CLASSIFICATION NUMBER | |
| Classification number | 301.31 |
| 100 1# - MAIN ENTRY--PERSONAL NAME | |
| Personal name | Dubos, René J. |
| Fuller form of name | (René Jules), |
| Dates associated with a name | 1901-1982. |
| 245 12 - TITLE STATEMENT | |
| Title | A God within |
| Statement of responsibility, etc. | [by] René Dubos. |
| 260 ## - PUBLICATION, DISTRIBUTION, ETC. | |
| Place of publication, distribution, etc. | New York, |
| Name of publisher, distributor, etc. | Scribner |
| Date of publication, distribution, etc. | [1972] |
| 300 ## - PHYSICAL DESCRIPTION | |
| Extent | ix, 325 p. |
| Dimensions | 25 cm. |
| 650 #0 - SUBJECT ADDED ENTRY--TOPICAL TERM | |
| Topical term or geographic name entry element | Human beings |
| General subdivision | Effect of environment on. |
| 650 #0 - SUBJECT ADDED ENTRY--TOPICAL TERM | |
| Topical term or geographic name entry element | Human ecology. |
| 650 #0 - SUBJECT ADDED ENTRY--TOPICAL TERM | |
| Topical term or geographic name entry element | Technology and civilization. |
| 942 ## - ADDED ENTRY ELEMENTS (KOHA) | |
| Source of classification or shelving scheme | Library of Congress Classification |
| Koha item type | Books |
| Suppress in OPAC | No |
| 999 ## - | |
| -- | 2968 |
| -- | 2968 |
| Withdrawn status | Lost status | Source of classification or shelving scheme | Damaged status | Not for loan | Collection | Home library | Current library | Shelving location | Date acquired | Total checkouts | Full call number | Barcode | Date last seen | Copy number | Price effective from | Koha item type |
|---|---|---|---|---|---|---|---|---|---|---|---|---|---|---|---|---|
| Library of Congress Classification | Non-fiction | Undergraduate Library (Christ Temple) | Undergraduate Library (Christ Temple) | General stacks | 01/24/2025 | HM206.D86 DUB | ulct00000901 | 01/24/2025 | 1 | 01/24/2025 | Books |